000 00339nam a2200121Ia 4500
005 20251222140024.0
008 251222s1900||||xx |||||||||||||| ||spa||
082 _a230.1/T19
100 _a"Tanquerey, Ad."
245 0 _a"De Deo Santificante et Remuneratore seu de Gratia, de Sacramentis et de Novissimis"
250 _a29a.ed.
942 _cLIB
999 _c2744
_d2744